10 państw Azji o najwyższej gęstości zaludnienia - Statystyki

Ogólne statystyki
  • Ten quiz został rozwiązany 81 razy
  • Średni wynik to 7 z 10
Statystyki odpowiedzi
Osoby na km2 Państwo % Poprawnych
8 366 Singapur
90%
1 172 Bangladesz
86%
451 Indie
86%
517 Korea Południowa
85%
442 Izrael
78%
1 943 Bahrajn
64%
661 Tajwan
64%
391 Filipiny
63%
512 Liban
60%
1 737 Malediwy
53%
Nie znaleziono quizów pasujących do podanych kryteriów
Rozkład punktacji
Procent ludzi z każdym wynikiem
Percentyl według liczby udzielonych odpowiedzi
Twoja historia wyników
Nie rozwiązałeś tego quizu